| 000 | 00431nam a2200169 a 4500 | ||
|---|---|---|---|
| 001 | 687 | ||
| 003 | CDMR | ||
| 005 | 20130314164116.0 | ||
| 008 | 130130s1997||||||||||||||||||||||||||||d | ||
| 020 | _a8492161248 | ||
| 040 |
_aCDMR _bcat _cCDMR |
||
| 245 | 0 | 0 |
_aDesde mi ventana _c[textos: Carlos Cánovas] |
| 260 |
_aBarcelona _c1997 _bFocal, A.C. |
||
| 500 | _aCatàleg d'exposició | ||
| 700 | 1 |
_9528 _aCánocas, Carlos |
|
| 942 |
_cMON _2udc |
||
| 999 |
_c687 _d687 |
||